| 000 | 00908cam a2200289 i 4500 | ||
|---|---|---|---|
| 999 |
_c200452761 _d70973 |
||
| 001 | 200452761 | ||
| 003 | TR-AnTOB | ||
| 005 | 20230331090557.0 | ||
| 007 | ta | ||
| 008 | 000419s1990 tu 000 0 tur d | ||
| 035 | _a(DLC) 92969345 | ||
| 040 |
_aDLC _beng _erda _cDLC _dDLC _dTR-AnTOB |
||
| 041 | 0 | _atur | |
| 050 | 0 | 0 |
_aKKX1888 _b.Ü88 1990 |
| 090 |
_aKKX1888 _b.Ü88 1990 |
||
| 100 | 1 |
_aÜstündağ, Saim _eauthor _957962 |
|
| 245 | 1 | 0 |
_aİcra ve İflâs Kanunu'nun dünü ve bugünü / _cProf. Dr. Saim Üstündağ. |
| 264 | 1 |
_aİstanbul : _bEvrim Kitabevi, _c1990. |
|
| 300 |
_a167 pages ; _c20 cm |
||
| 336 |
_atext _btxt _2rdacontent |
||
| 337 |
_aunmediated _bn _2rdamedia |
||
| 338 |
_avolume _bnc _2rdacarrier |
||
| 490 | 0 |
_aEvrim Kitabevi. Yayın No ; _v36 _aHukuk Dizi No ; _v20 |
|
| 650 | 7 |
_aİcra-iflas hukuku _zTürkiye _2etuturkob _9115811 |
|
| 942 |
_2lcc _cBK |
||